| 000 -LEADER |
| fixed length control field |
02105cam a2200373 a 4500 |
| 001 - CONTROL NUMBER |
| control field |
15490453 |
| 003 - CONTROL NUMBER IDENTIFIER |
| control field |
NUST-PNEC |
| 005 - DATE AND TIME OF LATEST TRANSACTION |
| control field |
20170116180656.0 |
| 008 - FIXED-LENGTH DATA ELEMENTS--GENERAL INFORMATION |
| fixed length control field |
081020s2009 enka b 001 0 eng |
| 010 ## - LIBRARY OF CONGRESS CONTROL NUMBER |
| LC control number |
2008044605 |
| 015 ## - NATIONAL BIBLIOGRAPHY NUMBER |
| National bibliography number |
GBA906362 |
| Source |
bnb |
| 016 7# - NATIONAL BIBLIOGRAPHIC AGENCY CONTROL NUMBER |
| Record control number |
014883735 |
| Source |
Uk |
| 020 ## - INTERNATIONAL STANDARD BOOK NUMBER |
| International Standard Book Number |
9780521884389 |
| 020 ## - INTERNATIONAL STANDARD BOOK NUMBER |
| International Standard Book Number |
0521884381 (hardback) |
| 035 ## - SYSTEM CONTROL NUMBER |
| System control number |
(OCoLC)ocn263146943 |
| 040 ## - CATALOGING SOURCE |
| Original cataloging agency |
DLC |
| Transcribing agency |
PNEC |
| Modifying agency |
BTCTA |
| -- |
YDXCP |
| -- |
UKM |
| -- |
YDX |
| -- |
C#P |
| -- |
CDX |
| -- |
BWX |
| -- |
BWK |
| -- |
DLC |
| 050 00 - LIBRARY OF CONGRESS CALL NUMBER |
| Classification number |
QA279.5 |
| Item number |
.D37 2009 |
| 082 00 - DEWEY DECIMAL CLASSIFICATION NUMBER |
| Classification number |
519.542 DAR |
| 100 1# - MAIN ENTRY--PERSONAL NAME |
| Personal name |
Darwiche, Adnan, |
| Dates associated with a name |
1966- |
| 245 10 - TITLE STATEMENT |
| Title |
Modeling and reasoning with Bayesian networks |
| Statement of responsibility, etc. |
Adnan Darwiche. |
| 260 ## - PUBLICATION, DISTRIBUTION, ETC. |
| Place of publication, distribution, etc. |
Cambridge ; |
| -- |
New York : |
| Name of publisher, distributor, etc. |
Cambridge University Press, |
| Date of publication, distribution, etc. |
2009. |
| 300 ## - PHYSICAL DESCRIPTION |
| Extent |
xii, 548 p. : |
| Other physical details |
ill. ; |
| Dimensions |
26 cm. |
| 500 ## - GENERAL NOTE |
| General note |
Includes Index http://www.amazon.com/Modeling-Reasoning-Bayesian-Networks-Darwiche/dp/0521884381/ref=sr_1_1?s=books&ie=UTF8&qid=1409386482&sr=1-1&keywords=9780521884389 |
| 504 ## - BIBLIOGRAPHY, ETC. NOTE |
| Bibliography, etc. note |
Includes bibliographical references (p. 527-539) and index. |
| 505 0# - FORMATTED CONTENTS NOTE |
| Formatted contents note |
Introduction -- Propositional logic -- Probability calculus -- Bayesian networks -- Building Bayesian networks -- Inference by variable elimination -- Inference by factor elimination -- Inference by conditioning -- Models for graph decomposition -- Most likely instantiations -- The complexity of probabilistic inference -- Compiling Bayesian networks -- Inference with local structure -- Approximate inference by belief propagation -- Approximate inference by stochastic sampling -- Sensitivity analysis -- Learning : the maximum likelihood approach -- Learning : the Bayesian approach. |
| 650 #0 - SUBJECT ADDED ENTRY--TOPICAL TERM |
| Topical term or geographic name entry element |
Bayesian statistical decision theory |
| General subdivision |
ME, MIS |
| 650 #0 - SUBJECT ADDED ENTRY--TOPICAL TERM |
| Topical term or geographic name entry element |
Inference. |
| 650 #0 - SUBJECT ADDED ENTRY--TOPICAL TERM |
| Topical term or geographic name entry element |
Probabilities. |
| 650 #0 - SUBJECT ADDED ENTRY--TOPICAL TERM |
| Topical term or geographic name entry element |
Modeling. |
| 856 41 - ELECTRONIC LOCATION AND ACCESS |
| Materials specified |
Table of contents only |
| Uniform Resource Identifier |
<a href="http://www.loc.gov/catdir/toc/fy0903/2008044605.html">http://www.loc.gov/catdir/toc/fy0903/2008044605.html</a> |
| 906 ## - LOCAL DATA ELEMENT F, LDF (RLIN) |
| a |
7 |
| b |
cbc |
| c |
orignew |
| d |
1 |
| e |
ecip |
| f |
20 |
| g |
y-gencatlg |
| 942 ## - ADDED ENTRY ELEMENTS (KOHA) |
| Source of classification or shelving scheme |
|
| Koha item type |
Book |